000 00710nam a2200217Ia 4500
003 GCL
008 140319s9999 xx 000 0 ara d
020 _a5033213977
040 _aGCL /
_cGCL
082 0 4 _a364.1
_bن إ
100 1 _aنبيل لوقا بباوى
245 1 0 _aالارهاب صناعة غير إسلامية /
_cنبيل لوقا بباوى
260 _aالقاهرة :
_bدار البباوى للنشر ،
_c2002
300 _a299 ص ؛
_c24 سم
650 0 4 _aالارهاب
650 0 4 _aالارهاب - مصر
650 0 4 _aالاسلام والارهاب
650 0 4 _aالارهاب ( ديانات مقارنة )
650 0 4 _aمكافحة الارهاب
942 _2ddc
_cBK
999 _c6533
_d6533